La familia: el desafío de la diversidad
Enregistré dans:
| Auteur principal: | |
|---|---|
| Format: | Livre |
| Langue: | espagnol |
| Publié: |
Barcelona
Ariel
1999
|
| Collection: | Ariel Psicología
|
| Sujets: | |
| Tags: |
Ajouter un tag
Pas de tags, Soyez le premier à ajouter un tag!
|
MARC
| LEADER | 00000nam a2200000 a 4500 | ||
|---|---|---|---|
| 001 | UCL2898 | ||
| 003 | CL-VaPUC | ||
| 008 | 031107e19990000SP |||||||||||||||||spa|d | ||
| 020 | |a 8434408805 | ||
| 082 | 0 | 4 | |a 616.89156 |b GIM |2 21 |
| 100 | 0 | |a Gimeno Collado, Adelina |e author |9 480076 | |
| 245 | 1 | 3 | |a La familia: el desafío de la diversidad |
| 300 | |a 283 p | ||
| 942 | |c BK | ||
| 945 | |d 20031107 00:00:00 |a cmena | ||
| 260 | |a Barcelona |b Ariel |c 1999 | ||
| 650 | 0 | |a Psicoterapia familiar |9 310747 | |
| 650 | 0 | |a Psicoanálisis |9 265702 | |
| 650 | 0 | |a Familias |9 255641 | |
| 650 | 0 | |a Relaciones interpersonales |9 307056 | |
| 583 | |a last modification |c 20031107 00:00:00 |k Rodrigo Vera | ||
| 490 | 0 | |a Ariel Psicología | |
| 999 | |c 306071 |d 306069 | ||
| 952 | |0 0 |1 0 |4 0 |6 616_891560000000000_GIM_1999 |7 0 |8 A |9 370786 |a BIBEDU |b BIBEDU |d 2019-11-21 |i 3959406 |l 1 |o 616.89156 GIM 1999 |p 3959406 |r 2023-03-01 |s 2022-12-06 |w 2019-11-21 |y BK |k PSI | ||